000 00304 a2200133 4500
001 121992
020 _a9782011557179
040 _cEscola Canadense de Niteroi
100 _aCéline Himber
245 1 0 _aAdosphère 2: Cahier d' activités A1.A2
362 0 _a2011
650 4 _aFrancês
942 _cBK
999 _c121992
_d121992